000 00513nam a2200217Ia 4500
003 OSt
005 20221005114251.0
006 a|||||r|||| 00| 0
007 ta
008 221004b |||||||| |||| 00| 0 eng d
024 _a114705
037 _cTextual
040 _aCRL
_cCRL
_beng
041 _2eng
_aeng
100 _aKarmel P H
245 0 _aApplied statistics for economists
260 _c1978
700 _a Polasek M
942 _cTEXL
_2cc
999 _c1030789
_d1030789